| 000 | 01045cam a2200313 a 4500 | ||
|---|---|---|---|
| 999 |
_c1334 _d1334 |
||
| 001 | 2805405 | ||
| 003 | OSt | ||
| 005 | 20210625094408.0 | ||
| 008 | 820709s1983 mdua 001 0 eng | ||
| 010 | _a 82010877 | ||
| 020 | _a0683002112 | ||
| 040 |
_aDLC _cDLC _dDLC |
||
| 050 | 0 | 0 |
_aQM25 _b.G7 1983 |
| 060 | _aQS 17 G767a | ||
| 082 | 0 | 0 |
_a611/.0022/2 _219 |
| 100 | 1 |
_aAnderson, James E. _q(James Edward), _d1926- |
|
| 245 | 1 | 0 | _aGrant's Atlas of anatomy. |
| 250 |
_a8th ed./ _bJames E. Anderson. |
||
| 260 |
_aBaltimore : _bWilliams & Wilkins, _cc1983. |
||
| 300 |
_a1 v. (various pagings) : _bill. (some col.) ; _c29 cm. |
||
| 500 | _aRev. ed. of: Grant's atlas of anatomy. 7th ed. / James E. Anderson. c1978. | ||
| 500 | _aIncludes index. | ||
| 650 | 0 |
_aHuman anatomy _xAtlases. |
|
| 650 | 2 |
_aAnatomy, Regional _xAtlases. |
|
| 700 | 1 |
_aGrant, J.C. Boileau _q(John Charles Boileau), _d1886-1973. _tAtlas of anatomy. _f1983. |
|
| 740 | 0 | _aAtlas of anatomy. | |
| 906 |
_a7 _bcbc _corignew _d1 _eocip _f19 _gy-gencatlg |
||
| 942 |
_2lcc _cBK _nDO |
||